Normal view
MARC view
Entry Personal Name
001 - CONTROL NUMBER
- control field: 35603
003 - CONTROL NUMBER IDENTIFIER
- control field: dpl
005 - DATE AND TIME OF LATEST TRANSACTION
- control field: 20111031120105.0
008 - FIXED-LENGTH DATA ELEMENTS
- fixed length control field: 111031|||a|||||| | ||| d
040 ## - CATALOGING SOURCE
- Original cataloging agency: dpl
- Transcribing agency: dpl
100 ## - HEADING--PERSONAL NAME
- Personal name: Gillenwater, Zoe Mickley.
670 ## - SOURCE DATA FOUND
- Source citation: Work cat.: (dpl)0: Gillenwater, Zoe Mickley., Flexible web design :, c2009.
670 ## - SOURCE DATA FOUND
- Source citation: Work cat.: (dpl)0: Gillenwater, Zoe Mickley., Flexible web design :, c2009.
